000 00705nam a2200217Ii 4500
001 11630
003 CO-ViMGA
008 241108s9999||||xx |||||||||||||| ||und||
020 _a9583005037
040 _aCO-ViMGA
_bspa
_erda
_cCO-ViMGA
041 0 _aunk
082 0 4 _aC863.44-L69v
100 1 _aLozano, Pilar,
_d1951-
_937277
245 1 0 _aJosé María Villa, el violinista de los puentes colgantes
264 1 _a[Lugar de publicación no identificado] : Colciencias, [Fecha de publicación no identificada]
300 _avolumen
336 _atext
_btxt
_2rdacontent
337 _aunmediated
_bn
_2rdamedia
338 _avolume
_bnc
_2rdacarrier
940 _aidficha_siabuc: 11355. -- ficha_no_siabuc:11630
999 _c53651
_d53651